000 00842nam a2200265Ia 4500
008 191130s2009##################000#0#eng##
020 _a9783631578032
022 _a2010455081
040 _aACL
_cACL
082 _a362.10951BOR
245 _aUneasy encounters : the politics of medicine and health in China, 1900-1937
_cIris Borowy (ed.)
260 _aBern
_bPeter Lang
_cc2009
300 _a230 p. : ill., map ; 21 cm
500 _aIncludes bibliographical references
650 _aChina
650 _aGesundheitswesen
650 _aHealth Policy - history - China
650 _aHistory of Medicine - China
650 _aHistory, 20th Century - China
650 _aInternational Cooperation - history - China
700 _aBorowy, Iris
990 _a25d136acac10000c361308f45886af08
991 _a279088
999 _c86156
_d86156